| 000 | 00611nam a2200217Ia 4500 | ||
|---|---|---|---|
| 001 | 13193 | ||
| 003 | GE_BSU | ||
| 008 | 181216s||||||||xx |||||||||||||| ||und|| | ||
| 040 | _cGE_BSU | ||
| 080 | _a661.63 | ||
| 245 | _aФосфорные удобрения | ||
| 245 | _bСборник работ | ||
| 245 | _cПод.ред.А.В.Соколова и Д.В.Харькова | ||
| 260 | _aМосква | ||
| 260 | _bГосхимиздат | ||
| 260 | _c1958 | ||
| 300 | _a212стр.20см.илл. | ||
| 653 | _aСборник работ | ||
| 653 | _aФосфорные удобрения | ||
| 942 | _cBK | ||
| 999 |
_c46357 _d46357 |
||